Finish the Lyrics - Why Can't This be Love by Van Halen - Statistics

General Stats
  • This quiz has been taken 29 times
  • The average score is 19 of 27
Answer Stats
Answer % Correct
Straight from my {heart}
100%
Oh tell me {why} {can't} {this} {be} {love}
96%
So tell me {why} {can't} {this} {be} {love}
96%
Winding me {up} inside
96%
Every time we {touch}
92%
It's got what {it} {takes}
92%
Woah here it {comes}
92%
And I Can't {recall}
88%
Any {love} at all
88%
No I {can't} recall
88%
"Hey, Only fools {rush} {in}
84%
Oh tell me {where} to begin
84%
That {funny} {feeling} again
84%
and I'll be {damned} if I'll get
80%
Cause I {never} {ever} felt so much
80%
Oh baby this {blows} em all away
76%
{Anything} at all
72%
{Hung} {up} on that line, hey"
68%
I tell {myself}
68%
Yeah, I {don't} {know}
64%
Ah, baby, this {blows} {em} {all} away
56%
{Baby} why can't this be love?
40%
{I} {wanna} {know} why can't this be love?
36%
Hey
32%
{Got} {to} {know} why can't this be love?
20%
Woo
4%
(Chorus)
0%
No matching quizzes found
Score Distribution
Percent of People with Each Score
Percentile by Number Answered
Your Score History
You have not taken this quiz